000 00792nam a2200289Ia 4500
005 20260324112436.0
008 008 260324s9999 xx 000 0 eng d
020 _a9781003357209
037 _aEBOOK
040 _aCRL
040 _beng
040 _cCRL
041 _2eng
041 _aeng
084 _qCRL
100 _aRajesh Verma; Uzaina Uzaina; Sam Manickam; Tushar Singh; Gyanesh Tiwari
_91142716
245 0 _aExploring the Psycho-Social Impact of COVID-19
245 0 _bGlobal Perspectives on Behaviour, Interventions and Future Directions
260 _bTaylor and Francis
260 _c2024
365 _a
365 _b230
856 _uhttp://www.taylorfrancis.com/books/9781003357209
942 _cEBOOK
999 _c1731924
_d1731924